000 01281nam a2200337 a 4500
001 BRCA_3115
005 20190320204123.0
008 290109s1850----fr-a---###---#000-0#fre-u
041 _afre
044 _afr
084 _a421
_b.H38
_c1850
100 1 _aCervantes Saavedra, Miguel de
_d1547-1616
_9213
245 1 0 _aDon Quichotte de la Manche
_cMichel de Cervantes.
260 _aParís
_bGustave Havard
_c1850
300 _a220 p.
_bil.
_c31 cm.
440 0 _aRomans contes et nouvelles illustrées
_98470
500 _aContenido : Texto abreviado de ambas partes
500 _aEdición : Traduit de l´Espagnol de Michel de Cervantes par Filleau de Saint-Martin
500 _aEdición económica, similar a la anterior del mismo editor Lúdovik Osterc
500 _aCon ex-libris : A Faqueux
500 _aQM346
546 _aTexto en : francés
650 1 4 _aNovela española
_yÉpoca clásica, 1500-1700
_9215
650 1 4 _aLiteratura española
_yÉpoca clásica, 1500-1700
_9216
650 1 4 _aNovela española
_ySiglo XVII
_9217
650 1 4 _aDon Quijote (Personaje ficticio)
_eNovela
_9218
700 1 _aSaint-Martin, Francois Filleau de
_d1632-1695
_eTraductor
_98471
740 0 _aEl Ingenioso Hidalgo Don Quijote de la Mancha
902 _aQFM
942 _2lcc
_cB
999 _c2851
_d2851